[Event "Nordic Championships"]
[Site "Bergen NOR"]
[Date "2001.08.05"]
[Round "2"]
[White "Lobzhanidze,D"]
[Black "Wallin,D"]
[Result "1-0"]
[WhiteElo "2501"]
[BlackElo "2192"]

1.e4 c5 2.Nf3 Nc6 3.Nc3 g6 4.d4 cxd4 5.Nxd4 Bg7 6.Be3 Nf6 7.Bc4 O-O 8.Bb3 Qa5
9.f3 d5 10.exd5 Nb4 11.Qd2 Nbxd5 12.Nxd5 Qxd2+ 13.Kxd2 Nxd5 14.Bxd5 Bxd4
15.Bxd4 Rd8 16.c4 e6 17.Bf6 Rd7 18.Rhe1 Kf8 19.Re5 b5 20.Ke3 exd5 21.cxd5 Bb7
22.d6 a6 23.Rc1 Kg8 24.Be7 Re8 25.Rc7 Rxc7 26.dxc7 f5 27.Kd4 Kf7 28.Bb4 Rxe5
29.Kxe5 Bc8 30.h4 Ke8 31.Kd6 Bd7 32.Bc3 Bc8 33.b4 Bd7 34.Be5 Bc8 35.Kc6 h5
36.Kb6 Kd7 37.Ka7  1-0

[Event "Nordic Championships"]
[Site "Bergen NOR"]
[Date "2001.08.05"]
[Round "2"]
[White "Mitkov,N"]
[Black "Stokstad,P"]
[Result "0-1"]
[WhiteElo "2547"]
[BlackElo "2195"]

1.e4 c5 2.Nc3 Nc6 3.Nf3 Nf6 4.Bb5 Nd4 5.e5 Nxb5 6.Nxb5 Nd5 7.Ng5 f6 8.Qf3 Nc7
9.exf6 exf6 10.Qe4+ Ne6 11.Nxh7 d5 12.Qg6+ Kd7 13.Nxf8+ Qxf8 14.d3 Kc6 15.c4 a6
16.Nc3 dxc4 17.dxc4 Nd4 18.Qe4+ Kb6 19.Be3 Bf5 20.Nd5+ Ka7 21.Qf4 Re8 22.Kd2 Bg6
23.Rac1 Re5 24.f3 Qd6 25.Rc3 Rhe8 26.Re1 Nf5 27.g3 Bh5 28.b4 b6 29.bxc5 bxc5
30.g4 g5 31.Qxe5 Rxe5 32.gxh5 Nxe3 33.Rexe3 Rxe3 34.Rxe3  0-1

[Event "Slavonija"]
[Site "Dakovo CRO"]
[Date "2001.08.05"]
[Round "4"]
[White "Vargic,D"]
[Black "Njirjak,J"]
[Result "1-0"]
[WhiteElo "2275"]
[BlackElo "2353"]

1.e4 c5 2.Nc3 Nc6 3.Nf3 d6 4.d4 cxd4 5.Nxd4 Nf6 6.Be3 Ng4 7.Bg5 h6 8.Bh4 g5
9.Bg3 Bg7 10.Nxc6 bxc6 11.Bc4 Ne5 12.Bb3 Qb6 13.O-O Ba6 14.Re1 h5 15.h4 g4
16.Qd2 Bh6 17.Qd1 O-O-O 18.Na4 Qb5 19.Qd4 c5 20.Qd1 e6 21.Nc3 Qb6 22.a4 Nc4
23.Bxc4 Bxc4 24.Nb5 e5 25.b3 Be6 26.c4 Rd7 27.a5 Qa6 28.Qd3 Kd8 29.Red1 Ke7
30.Qc3 Rb8 31.Rxd6 Rxd6 32.Nxd6 f6 33.Bxe5 fxe5 34.Nf5+ Bxf5 35.Qxe5+ Qe6
36.Qxb8 Bxe4 37.Qxa7+ Kf6 38.Qxc5 Kg6 39.Rd1 Bf4 40.Re1 Qf5 41.Qxf5+ Kxf5
42.a6 Bb8 43.Ra1 Ba7 44.Ra5+ Kf4 45.Rxh5 Bd4 46.Rg5  1-0

[Event "Mipap Cup"]
[Site "Olomouc CZE"]
[Date "2001.08.05"]
[Round "5"]
[White "Brustkern,J"]
[Black "Salai,L"]
[Result "0-1"]
[WhiteElo "2273"]
[BlackElo "2418"]

1.e4 c5 2.Nc3 Nc6 3.Nf3 e5 4.Bc4 d6 5.d3 Be7 6.Nd2 Nf6 7.Nf1 Bg4 8.f3 Be6
9.Ne3 O-O 10.O-O a6 11.a4 Nb4 12.Qe2 Rb8 13.Bd2 b6 14.Be1 Qd7 15.g4 b5 16.axb5 axb5
17.Bd5 Bxd5 18.Ncxd5 Nbxd5 19.exd5 Qb7 20.c4 bxc4 21.dxc4 Qxb2 22.Qxb2 Rxb2
23.Nf5 Rb7 24.Bh4 h6 25.Rab1 Rd7 26.Rb6 Bd8 27.Rc6 Nh7 28.Bg3 Bc7 29.h4 h5
30.Rb1 g6 31.Ne3 f5 32.Rb7 Rff7 33.gxf5 gxf5 34.Nxf5 Rxf5 35.Rcxc7 Rxc7 36.Rxc7 Rxf3
37.Kg2 Rc3 38.Rd7 Nf6 39.Rd8+ Kf7 40.Be1 Rc2+  0-1

[Event "Nordic Championships"]
[Site "Bergen NOR"]
[Date "2001.08.06"]
[Round "3"]
[White "White,K"]
[Black "Borchgrevink,H"]
[Result "0-1"]
[WhiteElo "2075"]
[BlackElo "2163"]

1.e4 c5 2.Nf3 Nc6 3.Nc3 g6 4.d4 cxd4 5.Nxd4 Bg7 6.Be3 d6 7.Be2 Nf6 8.O-O O-O
9.Kh1 Bd7 10.Nb3 Rc8 11.f3 Qc7 12.Nb5 Qb8 13.c3 a6 14.N5d4 Ne5 15.Rb1 Nc4
16.Bxc4 Rxc4 17.Nd2 Rcc8 18.c4 b5 19.b3 Ne8 20.Qe2 Nc7 21.f4 e5 22.Nc2 f5
23.Qd3 Ne6 24.fxe5 f4 25.Bg1 Bxe5 26.Qd5 Rfe8 27.Nf3 Bc6 28.Qd3 Nc5 29.Bxc5 dxc5
30.Rbe1 Rcd8 31.Qe2 Bc3 32.Rd1 Bxe4 33.Qf2 Bd3 34.Rxd3 Rxd3 35.Qxc5 Qd6 36.Qf2 Qe7
37.Nfe1 Bxe1 38.Nxe1 Re3 39.Nf3 bxc4 40.bxc4 Qb4  0-1

[Event "Kochan Mem Open"]
[Site "Koszalin POL"]
[Date "2001.08.06"]
[Round "3"]
[White "Czakon,J"]
[Black "Baran,Pa"]
[Result "1-0"]
[WhiteElo "2118"]
[BlackElo "2099"]

1.e4 c5 2.Nc3 Nc6 3.Bb5 Nd4 4.Bc4 e6 5.Nge2 g6 6.Nxd4 cxd4 7.Nb5 Bg7 8.Nd6+ Ke7
9.Nxc8+ Rxc8 10.d3 Nf6 11.Bb3 Qc7 12.O-O Rhd8 13.f4 d5 14.e5 Nd7 15.Qe1 Kf8
16.Qh4 Kg8 17.Rf3 a5 18.Rh3 Nf8 19.a4 Qb6 20.Bd2 Rc6 21.Rf1 Rdc8 22.Qe1 Rc5
23.g4 Qc7 24.Qf2 Qb6 25.Qxd4 Nd7 26.Qf2 Qd8 27.d4 R5c6 28.f5 Qe8 29.f6 Bh8
30.Qh4 Nf8 31.Bh6  1-0

[Event "Mipap Cup"]
[Site "Olomouc CZE"]
[Date "2001.08.06"]
[Round "7"]
[White "Brustkern,J"]
[Black "Kholmov,R"]
[Result "1/2-1/2"]
[WhiteElo "2273"]
[BlackElo "2427"]

1.e4 c5 2.Nc3 Nc6 3.Nf3 e5 4.Bc4 Be7 5.d3 h6 6.Nd2 Nf6 7.Nf1 Na5 8.Ne3 Nxc4
9.dxc4 d6 10.O-O O-O 11.b3 a6 12.Qd3 Re8 13.a4 Bf8 14.Bd2 g6 15.f3 h5 16.Be1 Nh7
17.Ncd5 Rb8 18.Rd1 b6 19.Kh1 Bd7 20.Nc3 Be6 21.Ne2 Qd7 22.Bg3 Qb7 23.Nc3 Be7
24.h3 Rbd8 25.Ncd5 Bg5 26.f4 exf4 27.Bxf4 Bxf4 28.Rxf4 Bxd5 29.Nxd5 Re5 30.Rdf1 Rd7
31.Rd1 Kg7 32.h4 Qb8 33.Rdf1 Rb7 34.Qh3 Qe8 35.Qd3 Qd8 36.Qf3 Qe8 37.Qd3  1/2-1/2

[Event "Mipap Cup"]
[Site "Olomouc CZE"]
[Date "2001.08.07"]
[Round "8"]
[White "Jasny,S"]
[Black "Balabaev,F"]
[Result "1-0"]
[WhiteElo "2301"]
[BlackElo "2167"]

1.e4 c5 2.Nf3 Nc6 3.Nc3 Nf6 4.Bb5 e6 5.e5 Nd5 6.O-O Be7 7.Re1 O-O 8.d4 a6
9.Bd3 Nxc3 10.bxc3 f5 11.a4 b6 12.Rb1 Bb7 13.Ba3 Qc7 14.Qc1 Rfb8 15.Qf4 c4
16.Bd6 Bxd6 17.exd6 Qc8 18.Bxc4 Na5 19.Bd3 Bxf3 20.Qxf3 Qxc3 21.d5 Qc8 22.dxe6 dxe6
23.Qe3 Kf7 24.Rxb6 Rxb6 25.Qxb6 Qd8 26.Qd4 Nc6 27.Qc5 Qd7 28.Bc4 Nd8 29.Qxf5+  1-0

[Event "Inline Czechia Cup"]
[Site "Olomouc CZE"]
[Date "2001.08.07"]
[Round "8"]
[White "Plasgura,P"]
[Black "Medunova,V"]
[Result "0-1"]
[WhiteElo "2234"]
[BlackElo "2225"]

1.e4 c5 2.Nf3 Nc6 3.Nc3 d6 4.Bc4 Nf6 5.d4 cxd4 6.Nxd4 e5 7.Nde2 Be6 8.Bb3 Be7
9.O-O O-O 10.Kh1 Qd7 11.Bg5 Rad8 12.f4 Ng4 13.Rf3 exf4 14.Bxe7 Qxe7 15.Rxf4 Qh4
16.Qg1 Nce5 17.Nd4 Rfe8 18.Nd5 Ng6 19.Rff1 Rf8 20.Rad1 a6 21.Rd3 N4e5 22.Re3 Rc8
23.Nf5 Qd8 24.Rh3 Nc4 25.Qd4 Nce5 26.Nxd6 Bxh3 27.gxh3 Qxd6 28.Nf6+ Qxf6
29.Rxf6 gxf6 30.Qb6 Rc6 31.Qxb7 Kg7 32.c3 Rd8 33.Bd5 Rcd6 34.c4 Nf4 35.Qb3 Nfd3
36.Qc2 Nb4 37.Qg2+ Kf8 38.b3 Nxd5 39.exd5 R6d7 40.Qe4 a5 41.Qxh7 Ke7 42.h4 a4
43.Qc2 axb3 44.axb3 Rxd5  0-1

[Event "Nordic Championships"]
[Site "Bergen NOR"]
[Date "2001.08.08"]
[Round "5"]
[White "Andersson,F2"]
[Black "Gorczyca,D"]
[Result "1-0"]
[WhiteElo "2173"]
[BlackElo "2069"]

1.e4 c5 2.Nc3 Nc6 3.Bb5 Nf6 4.Bxc6 bxc6 5.f4 d6 6.Nf3 g6 7.O-O Bg7 8.d3 O-O
9.Qe1 e6 10.e5 Nd5 11.Ne4 dxe5 12.fxe5 Nb4 13.Qf2 Qd5 14.Be3 Na6 15.Bg5 Qd7
16.Qh4 h5 17.Qf4 Nc7 18.Nf6+ Bxf6 19.Bxf6 Kh7 20.Ng5+ Kg8 21.Ne4 Qd4+ 22.Kh1 Kh7
23.c4 Qxd3 24.Be7 Ba6 25.Bxf8 Rxf8 26.b3 Qd8 27.Rad1 Qe7 28.Rd7  1-0

[Event "Nordic Championships"]
[Site "Bergen NOR"]
[Date "2001.08.08"]
[Round "5"]
[White "Salmensuu,O"]
[Black "Toma,K"]
[Result "1-0"]
[WhiteElo "2431"]
[BlackElo "2174"]

1.e4 c5 2.Nc3 Nc6 3.Bb5 Nd4 4.Bc4 g6 5.Nge2 Bg7 6.O-O e6 7.Nxd4 cxd4 8.Nb5 d6
9.c3 dxc3 10.dxc3 Bf8 11.Qd4 e5 12.Qd5 Qd7 13.Nxd6+ Qxd6 14.Qxf7+ Kd8 15.Bg5+  1-0

[Event "Nordic Championships"]
[Site "Bergen NOR"]
[Date "2001.08.09"]
[Round "6"]
[White "Mitkov,N"]
[Black "Toma,K"]
[Result "1-0"]
[WhiteElo "2547"]
[BlackElo "2174"]

1.e4 c5 2.Nc3 Nc6 3.Nf3 g6 4.d4 cxd4 5.Nxd4 Bg7 6.Be3 Nf6 7.Bc4 Qa5 8.O-O O-O
9.Bb3 d6 10.h3 Bd7 11.Re1 Rfe8 12.Nf3 b5 13.a3 Rab8 14.Qe2 a6 15.Rad1 Qc7
16.Bg5 Be6 17.Bxe6 fxe6 18.e5 Nd7 19.Bxe7 Nxe7 20.exd6 Qc4 21.dxe7 Qxe2 22.Nxe2 Rxe7
23.Ned4 Rb7 24.Nc6 Re8 25.c3 Nc5 26.Rd6 Rc7 27.Nce5 Bf8 28.Rc6 Rxc6 29.Nxc6 Nd3
30.Re2 Bc5 31.Rd2 Nf4 32.Kf1 Nd5 33.Ng5 Bb6 34.g3 h6 35.Ne4 Kg7 36.Nb4 Nxb4
37.axb4 g5 38.Rd6  1-0

[Event "Nordic Championships"]
[Site "Bergen NOR"]
[Date "2001.08.09"]
[Round "6"]
[White "Carlsson,P"]
[Black "Thorhallsson,T"]
[Result "1/2-1/2"]
[WhiteElo "2330"]
[BlackElo "2456"]

1.e4 c5 2.Nc3 Nc6 3.Nf3 d6 4.d4 cxd4 5.Nxd4 Nf6 6.Be2 g6 7.O-O Bg7 8.Be3 O-O
9.Qd2 Ng4 10.Bxg4 Bxg4 11.Nxc6 bxc6 12.Bh6 Be6 13.Bxg7 Kxg7 14.Na4 f6 15.b3 Qc7
16.c4 Rad8 17.Rac1 Bc8 18.Rfe1 c5  1/2-1/2

[Event "Magistral BCX"]
[Site "Brasilia BRA"]
[Date "2001.08.09"]
[Round "6"]
[White "Cubas,Jo"]
[Black "Crosa,M"]
[Result "1-0"]
[WhiteElo "2290"]
[BlackElo "2289"]

1.e4 c5 2.Nf3 Nc6 3.Nc3 e5 4.Bc4 g6 5.d3 Bg7 6.Be3 d6 7.Ng5 Nh6 8.Qd2 Nd4
9.h4 f6 10.h5 fxg5 11.Bxg5 Qb6 12.Bxh6 Bxh6 13.Qxh6 Qxb2 14.O-O Be6 15.Qg7 Rg8
16.Qxh7 Rf8 17.Rab1  1-0

[Event "Valoz Cup"]
[Site "Olomouc CZE"]
[Date "2001.08.09"]
[Round "11"]
[White "Livshits,G"]
[Black "Estremera Panos,S"]
[Result "1-0"]
[WhiteElo "2272"]
[BlackElo "2401"]

1.e4 c5 2.Nf3 Nc6 3.Nc3 g6 4.d4 cxd4 5.Nxd4 Bg7 6.Be3 Nf6 7.Bc4 O-O 8.Bb3 d6
9.h3 Nxd4 10.Bxd4 b5 11.O-O Bb7 12.f4 b4 13.Nd5 Bxd5 14.exd5 a5 15.Ba4 Nd7
16.a3 Bxd4+ 17.Qxd4 Qb6 18.Qxb6 Nxb6 19.Bc6 Rac8 20.axb4 axb4 21.Ra6 Nc4
22.b3 Ne3 23.Rf2 Rc7 24.Re2 Nf5 25.Re4 e6 26.dxe6 fxe6 27.Rxe6 Nd4 28.Rxd6 Rxf4
29.g3 Nf3+ 30.Kf2 Rf8 31.Ra8 Ng5+ 32.Ke3 Kg7 33.Rxf8 Kxf8 34.h4 Ke7 35.Rd7+ Rxd7
36.Bxd7 Nf7 37.Bb5 Kd6 38.Kd4 Ne5 39.Be2 h6 40.Bd3 g5 41.hxg5 hxg5 42.Be4 Ng4
43.Bf5 Nf6 44.Be4 Ng4 45.Bf5 Nf6 46.Be4 Ke6 47.Bg6 Nd7 48.Bd3 g4 49.Ke4 Nf6+
50.Kf4 Nd5+ 51.Kxg4 Kf6 52.Be4 Nc3 53.Kf4 Ne2+ 54.Kg4 Nc3 55.Bd3 Nd1 56.Kh4 Ne3
57.Kh5 Nd5 58.Bc4 Nc3 59.Bd3 Nd5 60.Bh7 Kg7 61.Bf5 Kf6 62.Bd3 Kg7 63.g4 Nf4+
64.Kh4 Ng2+ 65.Kg3 Ne3 66.g5 Nd5 67.Kf3 Nc3 68.Ke3 Kf7 69.Kd4 Ke6 70.Kc5 Na2
71.Kc4 Ke5 72.g6 Kf6 73.c3  1-0

[Event "ch-EST Women"]
[Site "Puhajarve EST"]
[Date "2001.08.10"]
[Round "3"]
[White "Ranniku,M"]
[Black "Tsiganova,M"]
[Result "0-1"]
[WhiteElo "2097"]
[BlackElo "2266"]

1.e4 c5 2.Nf3 Nc6 3.Nc3 d6 4.Bb5 Bd7 5.O-O e6 6.Re1 Nge7 7.a4 a6 8.Bf1 Nd4
9.Nxd4 cxd4 10.Ne2 Nc6 11.c3 Qf6 12.d3 Be7 13.Qb3 dxc3 14.bxc3 Ne5 15.Nd4 O-O
16.a5 Ng4 17.Nf3 Bc6 18.Bg5 Qxg5 19.Nxg5 Bxg5 20.h3 Nf6 21.g3 Nd7 22.Bg2 Rac8
23.f4 Be7 24.d4 Rc7 25.f5 e5 26.h4 Rfc8 27.Rac1 Bb5 28.Qb2 Bf6 29.Kh2 h6
30.Qd2 Kh7 31.Bf1 Bxf1 32.Rxf1 Rc4 33.Kh3 R8c6 34.d5 Rc7 35.Qe2 Rxc3 36.Rxc3 Rxc3
37.Qd2 Rc4 38.Qe2 Ra4 39.Re1 Nc5 40.Qd2 Bd8 41.Qb2 Bxa5 42.Ra1 Rb4 43.Qe2 b6
44.Qh5 Kg8 45.f6 gxf6 46.Qxh6 Rb3 47.Qh5 Kf8 48.Qf5 Re3 49.Qxf6 Rxg3+ 50.Kh2 Nxe4
51.Qh8+ Rg8 52.Qh6+ Ke7 53.Qe3 Nf6 54.Qe2 Nxd5 55.Qxa6 Rh8 56.Kg3 Rg8+ 57.Kf3 f5
58.Qc4 e4+ 59.Ke2 Rg2+  0-1

[Event "7th Stage Russian Cup"]
[Site "Togliatty RUS"]
[Date "2001.08.10"]
[Round "3"]
[White "Blatov,I"]
[Black "Ananchenko,I"]
[Result "1/2-1/2"]
[WhiteElo "2409"]
[BlackElo "2248"]

1.e4 c5 2.Nf3 Nc6 3.Nc3 g6 4.d4 cxd4 5.Nxd4 Bg7 6.Nb3 Nf6 7.Be2 O-O 8.Bg5 a5
9.a4 Nb4 10.f4 d5 11.e5 Ne4 12.Nxe4 dxe4 13.c3 Nd3+ 14.Bxd3 exd3 15.Bh4 Qd5
16.O-O f6 17.exf6 exf6 18.Nd4 Bf5 19.Nxf5 Qxf5 20.Rf3 Rad8 21.Bf2 Qe4 22.Qb3+ Kh8
23.Re1 Qf5 24.Qd1 d2 25.Re2 Rfe8 26.Rxe8+ Rxe8 27.g3 Qd5 28.Re3 Rd8 29.Re2 f5
30.Bb6 Bf8 31.Bd4+ Kg8 32.Rxd2 Bc5 33.h4 Re8 34.Kh2 Bxd4 35.Rxd4 Qe6 36.Rd8 Rxd8
37.Qxd8+ Kg7 38.Qc7+ Kh6 39.Qxb7 Qe2+ 40.Qg2 Qc4 41.Qc2 Kh5 42.b3 Qf1 43.c4 Kg4
44.Qg2 Qd3 45.c5 Kh5 46.c6 Qxb3 47.Qe2+ Kh6 48.c7 Qc3 49.Qe5 Qd2+ 50.Kg1 Qd1+
51.Kf2 Qd2+ 52.Qe2 Qc3 53.Qe5 Qc2+  1/2-1/2

[Event "Nordic Championships"]
[Site "Bergen NOR"]
[Date "2001.08.11"]
[Round "8"]
[White "Adnoy,H"]
[Black "Martinsen,S"]
[Result "1-0"]
[WhiteElo "2197"]
[BlackElo "2076"]

1.e4 c5 2.Nf3 Nc6 3.Nc3 g6 4.d4 cxd4 5.Nxd4 Bg7 6.Nb3 Nf6 7.Be2 O-O 8.O-O d6
9.Re1 b6 10.Bf1 Bb7 11.Bg5 Rc8 12.Qd2 Re8 13.Rad1 Na5 14.f3 Qc7 15.Nxa5 bxa5
16.Kh1 Nd7 17.Nb5 Qb8 18.Be3 a6 19.Nd4 Qc7 20.c4 Rb8 21.b3 Nc5 22.Rc1 Bc8
23.Ne2 Bd7 24.Red1 Qb6 25.Nf4 Bh6 26.Nd5 Bxe3 27.Qxe3 Qc6 28.e5 dxe5 29.Qxe5 Be6
30.Nxe7+  1-0

[Event "7th Stage Russian Cup"]
[Site "Togliatty RUS"]
[Date "2001.08.11"]
[Round "4"]
[White "Bryzgalin,K"]
[Black "Zakharstov,V"]
[Result "0-1"]
[WhiteElo "2391"]
[BlackElo "2496"]

1.e4 c5 2.Nc3 Nc6 3.Nf3 e6 4.g3 a6 5.Bg2 d6 6.O-O Nf6 7.h3 Be7 8.d3 O-O 9.Nh2 d5
10.exd5 exd5 11.Bg5 Be6 12.Ne2 h6 13.Bd2 d4 14.Nf3 Bd6 15.Bf4 Nd5 16.Bxd6 Qxd6
17.Qd2 Rae8 18.Rae1 Re7 19.a3 Rfe8 20.Kh2 b5 21.Qd1 Bd7 22.Qd2 Kh7 23.c3 dxc3
24.bxc3 Nb6 25.Nc1 c4 26.Rxe7 Rxe7 27.dxc4 Nxc4 28.Qxd6 Nxd6 29.Nb3 Nc4 30.Nbd4 Nxd4
31.Nxd4 Re5 32.Ra1 Kg6 33.Bf1 Rc5 34.Bxc4 Rxc4 35.Rc1 Kf6 36.Kg2 Ra4 37.Ra1 a5
38.Rb1 Rxa3 39.Nxb5 Bc6+ 40.Kf1 Ra2 41.Ke1 Be4 42.Rc1 Bd3 43.Nd4 Ke5 44.Nf3+ Kd5
45.Nd2 a4 46.f3 a3 47.c4+ Kc5 48.Rc3 Kd4 49.Rb3 Bc2 50.Rb7 Rb2  0-1

[Event "I American Continental"]
[Site "Cali COL"]
[Date "2001.08.12"]
[Round "3"]
[White "Van Riemsdijk,H"]
[Black "Castillo,D"]
[Result "1-0"]
[WhiteElo "2358"]
[BlackElo "2075"]

1.e4 c5 2.Nf3 Nc6 3.Nc3 g6 4.d4 cxd4 5.Nxd4 Bg7 6.Be3 a6 7.Bc4 d6 8.Bb3 Nf6
9.f3 O-O 10.Qd2 Nxd4 11.Bxd4 b5 12.h4 e6 13.O-O-O Bb7 14.h5 d5 15.hxg6 fxg6
16.exd5 exd5 17.Bxf6 Qxf6 18.Bxd5+ Bxd5 19.Qxd5+ Kh8 20.Qd6 Qg5+ 21.Kb1 Rfc8
22.Qh2 h6 23.Ne4 Qe7 24.Qd6 Qf7 25.Rd3 b4 26.Rd5 a5 27.Ng5 Qe8 28.Qd7 Rd8
29.Nf7+  1-0

[Event "TCh-ESP Div 2"]
[Site "Vila Real ESP"]
[Date "2001.08.13"]
[Round "1"]
[White "Perpinya Rofes,L"]
[Black "Damljanovic,B"]
[Result "0-1"]
[WhiteElo "2337"]
[BlackElo "2549"]

1.e4 c5 2.Nc3 Nc6 3.Nge2 d6 4.d4 cxd4 5.Nxd4 e5 6.Nf5 g6 7.Ne3 Nf6 8.Bc4 Be7
9.Ned5 Nxd5 10.Nxd5 Be6 11.Bh6 Rc8 12.Bb3 Nd4 13.O-O g5 14.Ba4+ b5 15.c3 bxa4
16.cxd4 Bxd5 17.exd5 Rg8 18.h4 gxh4 19.dxe5 dxe5 20.Rc1 Rxc1 21.Qxa4+ Qd7
22.Qxd7+ Kxd7 23.Rxc1 f5 24.Kf1 f4 25.Rc6 f3 26.Be3 Rxg2 27.Ke1 Bd6 28.Ra6 h3  0-1

[Event "TCh-ESP Div 2"]
[Site "Vila Real ESP"]
[Date "2001.08.13"]
[Round "1"]
[White "Garcia Roman,D"]
[Black "Rebole Arbea,I"]
[Result "1/2-1/2"]
[WhiteElo "2338"]
[BlackElo "2188"]

1.e4 c5 2.Nf3 Nc6 3.Nc3 Nf6 4.d4 cxd4 5.Nxd4 e5 6.Ndb5 d6 7.Bg5 a6 8.Na3 b5
9.Bxf6 gxf6 10.Nd5 Bg7 11.c3 Ne7 12.Nc2 f5 13.exf5 Bxf5 14.Nxe7 Bxc2 15.Qxc2 Qxe7
16.Bd3 e4 17.Be2 O-O 18.O-O d5 19.Rad1 Rfd8 20.f3 b4 21.fxe4 bxc3 22.bxc3 dxe4
23.Kh1 Rxd1 24.Rxd1 Rc8 25.Bxa6 Rxc3 26.Qe2 Qh4 27.Kg1 Be5 28.h3 h5 29.Qf2 Bh2+
30.Kf1 Qxf2+ 31.Kxf2 Rc2+ 32.Be2 Rxa2  1/2-1/2

[Event "Rubinstein Open"]
[Site "Polanica Zdroj POL"]
[Date "2001.08.16"]
[Round "1"]
[White "Baklan,V"]
[Black "Zhigalko,S"]
[Result "1-0"]
[WhiteElo "2599"]
[BlackElo "2219"]

1.e4 c5 2.Nf3 Nc6 3.Nc3 e5 4.Bc4 d6 5.d3 Bg4 6.h3 Bh5 7.Nxe5 dxe5 8.Qxh5 g6
9.Qf3 Qd7 10.Be3 b6 11.a4 Bg7 12.Nd5  1-0

[Event "Rubinstein Open"]
[Site "Polanica Zdroj POL"]
[Date "2001.08.16"]
[Round "1"]
[White "Wojciechowski,A"]
[Black "Sharapov,E"]
[Result "0-1"]
[WhiteElo "2144"]
[BlackElo "2403"]

1.e4 c5 2.Nc3 Nc6 3.Nge2 Nf6 4.f4 d6 5.d4 cxd4 6.Nxd4 e5 7.Nf3 Be7 8.Bc4 O-O
9.f5 Qb6 10.Bb3 a5 11.Bg5 Nxe4 12.Nxe4 Qb4+ 13.Kf2 Qxe4 14.Bxe7 Nxe7 15.f6 Ng6
16.fxg7 Kxg7 17.Qxd6 Bg4 18.Rhe1 Qf5 19.Qd3 Qxd3 20.cxd3 Bxf3 21.Kxf3 Rfd8
22.Rad1 f5 23.g3 a4 24.Bc2 Rd4 25.Ke2 h5 26.Bb1 h4 27.Rc1 Kf6 28.a3 Rh8 29.Rf1 hxg3
30.hxg3 Rg4 31.Rc7 Rxg3 32.d4 Rh2+ 33.Kd1 e4 34.Bxe4 Nf4 35.Rxb7 Rg5 36.Rb6+ Kg7
37.Rb5 Ng2 38.Bxg2 Rgxg2 39.Kc1 f4 40.Kb1 f3 41.Ka2 Rf2 42.Rc1 Re2 43.Rb7+ Kf6
44.Rc6+ Kf5 45.Rf7+ Ke4 46.Re6+ Kd5 47.Ref6 Rxb2+ 48.Ka1 Rbg2 49.Rd7+ Kc4
50.Rc7+ Kd3 51.Kb1 Rg1+ 52.Rc1 Rxc1+ 53.Kxc1 f2  0-1

[Event "TCh-Rep. Srpska"]
[Site "Jahorina BIH"]
[Date "2001.08.17"]
[Round "7"]
[White "Gavric,M"]
[Black "Gvozdenovic,Z"]
[Result "1-0"]
[WhiteElo "2392"]
[BlackElo "2215"]

1.e4 c5 2.Nf3 Nc6 3.Nc3 g6 4.d4 cxd4 5.Nxd4 Bg7 6.Be3 Nf6 7.Bc4 O-O 8.Bb3 d6
9.h3 Bd7 10.O-O Rc8 11.Re1 Na5 12.Qd3 a6 13.Rad1 Qc7 14.Nd5 Nxd5 15.exd5 Rfe8
16.c3 Nc4 17.Bc1 Qc5 18.Qf3 b5 19.Nc2 a5 20.a3 Bf6 21.Ne3 Nb6 22.Nf1 Bg7
23.Be3 Qc7 24.Bd4 Nc4 25.Bxg7 Kxg7 26.Re2 e5 27.dxe6 Bxe6 28.Bxc4 Bxc4 29.Rxe8 Rxe8
30.Ne3 Bb3 31.Rd4 Qc5 32.g3 h5 33.h4 Re6 34.Kh2 Re5 35.Qb7 a4 36.Qf3 Re7
37.Kg1 Qe5 38.Qc6 Re6 39.Rf4 Qc5 40.Qf3 Re7 41.Qe2 Qe5 42.Qd2 Kg8 43.Qd3 Be6
44.Re4 Qc5 45.Nd5 Rb7 46.Rxe6 fxe6 47.Qxg6+ Kf8 48.Qf6+ Kg8 49.Ne7+ Rxe7
50.Qxe7 Qd5 51.Kh2 Qf5 52.Qg5+ Qxg5 53.hxg5 e5 54.f4 e4 55.f5 Kg7 56.Kg2 Kf7
57.Kf2 Kg7 58.Ke3 d5 59.Kd2 Kf7 60.Kc2 Kg7 61.b3 axb3+ 62.Kxb3 Kf7 63.Kc2 Kg7
64.Kd2 Kf7 65.Ke3 Kg7 66.Kd4 Kf7 67.c4  1-0

[Event "Rubinstein Open"]
[Site "Polanica Zdroj POL"]
[Date "2001.08.17"]
[Round "2"]
[White "Polivanov,A"]
[Black "Malakhatko,V"]
[Result "1/2-1/2"]
[WhiteElo "2319"]
[BlackElo "2557"]

1.e4 c5 2.Nc3 Nc6 3.Bb5 d6 4.Bxc6+ bxc6 5.d3 e5 6.Nge2 Nf6 7.O-O Be7 8.h3 O-O
9.f4 exf4 10.Bxf4 Ne8 11.Ng3 g6 12.Qf3 Ng7 13.Rae1 Be6 14.Bh6 Bg5 15.Bxg5 Qxg5
16.e5 d5 17.Na4 Qh4 18.Qf4 Qxf4 19.Rxf4 c4 20.dxc4 dxc4 21.Ne4 Nh5 22.Rf2 Rfd8
23.Nac5 Bd5 24.g4 Ng7 25.Nf6+ Kh8 26.Nb7 Rdb8 27.Nd6 Be6 28.c3 Ne8 29.Nfxe8 Rxe8
30.Nxe8 Rxe8 31.Rd2 Bd5 32.Kf2 a5 33.a4 Kg7 34.Rde2 h6 35.Ke3 c5 36.Kf2 Re7
37.Rd2 Bc6 38.Rd6 Bxa4 39.Ra6 Rb7 40.Rxa5 Bd7 41.Rxc5 Be6 42.Re2 g5 43.Ke3 h5
44.gxh5 Kh6 45.Kf3 Kxh5 46.Kg3 Rb8 47.Rc6 Rd8 48.Rd6 Rb8 49.Rd4 Ra8 50.h4 g4
51.Re1 Rb8 52.Rd2 Rb5 53.Re3 Ra5 54.Re1  1/2-1/2

[Event "Open"]
[Site "Presov SVK"]
[Date "2001.08.17"]
[Round "7"]
[White "Kupreichik,V"]
[Black "Furman,B"]
[Result "1-0"]
[WhiteElo "2443"]
[BlackElo "2279"]

1.e4 c5 2.Nf3 Nc6 3.Nc3 d6 4.d4 cxd4 5.Nxd4 Nf6 6.Bg5 e6 7.Qd2 Be7 8.O-O-O O-O
9.f4 h6 10.Bh4 e5 11.Nf5 Bxf5 12.exf5 exf4 13.Kb1 d5 14.Qxf4 d4 15.Bxf6 Bxf6
16.Ne4 Re8 17.Bc4 Na5 18.Bb5 Be5 19.Qd2 Nc6 20.g4 Qh4 21.Qg2 a6 22.Bc4 Na5
23.Bd5 Rad8 24.Nc5 Qe7 25.Nd3 Qd7 26.c4 b5 27.Nxe5 Rxe5 28.Rxd4 Qe7 29.Rhd1 Re8
30.cxb5 Re2 31.Qf3 axb5 32.Be6 Rxh2 33.Rd7 Qb4 34.Bxf7+ Kf8 35.Qc3 Qxc3 36.bxc3 Rc8
37.Be6 Nc4 38.Rd8+ Rxd8 39.Rxd8+ Ke7 40.Rd7+ Kf6 41.Rf7+ Ke5 42.Bxc4 bxc4
43.Rxg7 h5 44.Re7+ Kd6 45.Rh7 Rg2 46.gxh5 Ke5 47.Rc7  1-0

[Event "WJun Women"]
[Site "Athens GRE"]
[Date "2001.08.18"]
[Round "3"]
[White "Lip,C"]
[Black "Kaps,D"]
[Result "1/2-1/2"]
[WhiteElo "2074"]
[BlackElo "2221"]

1.e4 c5 2.Nf3 Nc6 3.Nc3 e5 4.Bc4 d6 5.d3 Be7 6.Nd2 Nf6 7.Nf1 Be6 8.Ne3 Nd4
9.O-O O-O 10.Ned5 Rb8 11.a3 b5 12.Ba2 b4 13.axb4 cxb4 14.Nxf6+ Bxf6 15.Nd5 Bg5
16.f4 exf4 17.Bxf4 b3 18.Bxb3 Nxb3 19.cxb3 Bxd5 20.exd5 Qb6+ 21.d4 Bf6 22.Ra4 Rfe8
23.Qd3 h5 24.Rf3 Rb7 25.h3 Reb8 26.Qc4 Rc7 27.Qd3 Be5 28.Bd2 Rbc8 29.Rb4 Rc1+
30.Bxc1 Rxc1+ 31.Rf1 Rxf1+ 32.Kxf1 Qxb4 33.dxe5 Qf4+ 34.Kg1 Qxe5 35.Qd2 h4
36.Kf1 f6 37.Kg1 g5 38.Qa5 Qd4+ 39.Kh2 Qf4+ 40.Kg1 Qe3+ 41.Kh2 Qe5+ 42.Kg1 Qe3+
43.Kh2 Qg3+ 44.Kg1 Qxb3 45.Qd8+ Kf7 46.Qd7+ Kg6 47.Qe8+ Kf5 48.Qe6+ Kg6 49.Qe8+  1/2-1/2

[Event "Ron Banwell Masters"]
[Site "London ENG"]
[Date "2001.08.18"]
[Round "1"]
[White "Thiruchelvam,M"]
[Black "McDonald,N"]
[Result "1/2-1/2"]
[WhiteElo "2240"]
[BlackElo "2406"]

1.e4 c5 2.Nf3 Nc6 3.Nc3 Nf6 4.d4 cxd4 5.Nxd4 e5 6.Ndb5 d6 7.Bg5 a6 8.Na3 b5
9.Nd5 Be7 10.Bxf6 Bxf6 11.c3 Bg5 12.Be2 Bb7 13.Nc2 O-O 14.a4 bxa4 15.Rxa4 a5
16.O-O g6 17.Nce3 Kh8 18.Qc2 Ne7 19.Rd1 f5 20.Bf3 Bc6 21.Ra3 Bxe3 22.Nxe3 Qc7
23.h4 Rab8 24.Nd5 Bxd5 25.exd5 e4 26.Be2 Qc5 27.c4 Qb4 28.Qc3+ Qxc3 29.bxc3 Rb2
30.Bf1 f4 31.Re1 Nf5 32.Rxe4 Rb1 33.Rxf4 Re8 34.g4 Nxh4 35.g5 Re5 36.Rxh4 Rxg5+
37.Kh2 Rxf1 38.Rf4 Rfg1 39.Rxa5 R5g2+ 40.Kh3 Rg5 41.Kh2  1/2-1/2

[Event "Rubinstein Open"]
[Site "Polanica Zdroj POL"]
[Date "2001.08.18"]
[Round "3"]
[White "Dobrowolski,A"]
[Black "Zimmer,F"]
[Result "1-0"]
[WhiteElo "2222"]
[BlackElo "2078"]

1.e4 c5 2.Nf3 Nc6 3.Nc3 g6 4.d4 cxd4 5.Nxd4 Bg7 6.Be3 Nf6 7.Bc4 Qa5 8.O-O O-O
9.Nb3 Qc7 10.Be2 a5 11.Nd5 Nxd5 12.exd5 Ne5 13.Nd4 d6 14.Nb5 Qd8 15.Bd4 Bd7
16.g4 Bxb5 17.Bxb5 Nd7 18.Bxg7 Kxg7 19.Qd4+ f6 20.Rad1 Rf7  1-0

[Event "Rubinstein Open"]
[Site "Polanica Zdroj POL"]
[Date "2001.08.18"]
[Round "3"]
[White "Hnydiuk,A"]
[Black "Markowski,T"]
[Result "1-0"]
[WhiteElo "2362"]
[BlackElo "2548"]

1.e4 c5 2.Nc3 Nc6 3.Bb5 Nd4 4.Bc4 Nf6 5.d3 e6 6.e5 Ng8 7.Nf3 d5 8.exd6 Bxd6
9.Ne4 Be7 10.c3 Nc6 11.Be3 b6 12.Bb5 Bd7 13.Bxc6 Bxc6 14.Ne5 Bd7 15.Qh5 g6
16.Qf3 f6 17.Nxd7 Kxd7 18.O-O-O f5 19.d4 c4 20.Nc5+  1-0

[Event "WJun Women"]
[Site "Athens GRE"]
[Date "2001.08.20"]
[Round "5"]
[White "Kosintseva,N"]
[Black "Gu Xiaobing"]
[Result "1-0"]
[WhiteElo "2319"]
[BlackElo "2300"]

1.e4 c5 2.Nc3 Nc6 3.Bb5 d6 4.Bxc6+ bxc6 5.d3 e5 6.Nge2 Be7 7.O-O Nf6 8.h3 O-O
9.f4 exf4 10.Nxf4 Nd7 11.Kh1 Ne5 12.b3 Re8 13.Qe2 Bg5 14.Bb2 Rb8 15.Rae1 Qf6
16.Nh5 Qh6 17.Bc1 Re6 18.Bxg5 Qxg5 19.Rf5 Qh4 20.Qf2 Qe7 21.Nf4 Rh6 22.Rh5 Rf6
23.Qg3 h6 24.Nd1 Kh7 25.Ne3 Ng6 26.Nxg6 fxg6 27.Rxc5 Qb7 28.e5 dxe5 29.Rxe5 Be6
30.d4 Rd8 31.c3 Qa6 32.Nc2 Bd5 33.Nb4 Qa5 34.Re7 Rdf8 35.Qe5 Qa3 36.Qc7 R8f7
37.Nxd5 Rxe7 38.Nxf6+  1-0

[Event "I American Continental"]
[Site "Cali COL"]
[Date "2001.08.20"]
[Round "11"]
[White "Cabrera,A"]
[Black "Gurevich,D"]
[Result "1-0"]
[WhiteElo "2415"]
[BlackElo "2550"]

1.e4 c5 2.Nc3 Nc6 3.Bb5 Nd4 4.Nf3 Nxb5 5.Nxb5 d6 6.O-O Nf6 7.e5 dxe5 8.Nxe5 e6
9.Qf3 Be7 10.d3 O-O 11.Bg5 Nd7 12.Bxe7 Nxe5 13.Qg3 Qxe7 14.Qxe5 Bd7 15.a4 Bc6
16.Rfe1 Rfd8 17.Nc3 Rd4 18.Re3 Rad8 19.b3 Rg4 20.Ne4 f6 21.Qc3 f5 22.f3 Rg6
23.Nd2 Rd4 24.Rae1 h6 25.Re5 Bd5 26.R1e2 Qd6 27.Qa5 b6 28.Qxa7 Be4 29.Nxe4 Qxe5
30.Qa8+  1-0